Nature and roads - side by side (Record no. 69828)

MARC details
000 -LEADER
fixed length control field 00887cam a2200217 4500
001 - CONTROL NUMBER
control field WB3811-13
008 - FIXED-LENGTH DATA ELEMENTS--GENERAL INFORMATION
fixed length control field 020321n2002 000 0 eng u
035 ## - SYSTEM CONTROL NUMBER
System control number (Sirsi) u117201
245 ## - TITLE STATEMENT
Title Nature and roads - side by side
260 ## - PUBLICATION, DISTRIBUTION, ETC.
Date of publication, distribution, etc. 2002
490 ## - SERIES STATEMENT
Series statement Highways Agency Press Release
Volume/sequential designation (HA456/02) 19 March 2002, (3)
520 ## - SUMMARY, ETC.
Summary, etc. The Highways Agency has launched a new Biodiversity Action Plan to protect and enhance wildlife on its land. The Biodiversity Action Plan focuses on 25 priority species and habitats and outlines a 10 year programme to achieve 15 key targets. http://www.highways.gov.uk/news/press_releases/general/19_03_2002a.htm
590 ## - LOCAL NOTE (RLIN)
Local note WB
650 ## - SUBJECT ADDED ENTRY--TOPICAL TERM
Topical term or geographic name entry element HIGHWAYS AGENCY
650 ## - SUBJECT ADDED ENTRY--TOPICAL TERM
Topical term or geographic name entry element HABITATS
650 ## - SUBJECT ADDED ENTRY--TOPICAL TERM
Topical term or geographic name entry element BIODIVERSITY ACTION PLANS
650 ## - SUBJECT ADDED ENTRY--TOPICAL TERM
Topical term or geographic name entry element NATURE CONSERVATION
650 ## - SUBJECT ADDED ENTRY--TOPICAL TERM
Topical term or geographic name entry element WILDLIFE
690 ## - LOCAL SUBJECT ADDED ENTRY--TOPICAL TERM (OCLC, RLIN)
Topical term or geographic name as entry element ENVIRONMENTAL AND LAND CONSULTANCY
942 ## - ADDED ENTRY ELEMENTS (KOHA)
Suppress in OPAC 0
Holdings
Withdrawn status Lost status Source of classification or shelving scheme Damaged status Not for loan Home library Current library Shelving location Date acquired Total Checkouts Full call number Barcode Date last seen Copy number Price effective from Koha item type
    Dewey Decimal Classification     London London News article 21/03/2002   WB3811-13 117201-1001 06/08/2019 1 06/08/2019 News article